BOLETIN ANUAL

Información estadística sobre la economía de Nicaragua en 1978. Contiene datos sobre la economía mundial, tales como precio internacional de algunos productos y tasas de crecimiento real en diferentes países. Informa sobre la situación económica Nicaragüense en cuanto a moneda y banca, balanza de pa...

Mô tả đầy đủ

Đã lưu trong:
Chi tiết về thư mục
Tác giả của công ty: Banco Central de Nicaragua
Định dạng: Texto
Được phát hành: Managua: Banco Central de Nicaragua
Những chủ đề:
Các nhãn: Thêm thẻ
Không có thẻ, Là người đầu tiên thẻ bản ghi này!

MARC

LEADER 00000 a a2200000 04500
001 20264
003
040
090 |a 077300  
110 |a Banco Central de Nicaragua  
245 |a BOLETIN ANUAL  
260 |a Managua:   |b Banco Central de Nicaragua  
300 |a 135 p.  
520 |a Información estadística sobre la economía de Nicaragua en 1978. Contiene datos sobre la economía mundial, tales como precio internacional de algunos productos y tasas de crecimiento real en diferentes países. Informa sobre la situación económica Nicaragüense en cuanto a moneda y banca, balanza de pagos y comercio exterior, finanzas públicas, cuentas nacionales, sector agropecuario, industria manufacturera, integración económica centroamericana e infraestructura económico-social./ACM  
650 |a NICARAGUA  
650 |a INDICADORES ECONOMICOS  
650 |a BANCOS  
650 |a POLITICA MONETARIA  
650 |a COMERCIO EXTERIOR  
650 |a SECTOR AGROPECUARIO  
650 |a SECTOR INDUSTRIAL  
650 |a MCCA  
650 |a INFRAESTRUCTURA ECONOMICA  
999 |c 12317  |d 12317